| 000 | 04759nab a2200337 i 4500 | ||
|---|---|---|---|
| 003 | BR-BrBNA | ||
| 005 | 20250917163143.0 | ||
| 008 | 250917b2021 bl.mr|pooa||| 00| 0eng | | ||
| 040 |
_aBR-BrBNA _beng |
||
| 072 |
_aP34 _b0120 - 0180 |
||
| 100 | _aAndrade, Francine C. | ||
| 100 | _aFernandes, Fernando | ||
| 100 | _aOliveira Júnior, Adilson | ||
| 100 | _aRondina, Artur B. L. | ||
| 100 | _aHungria, Mariangela | ||
| 100 | _aNogueira, Marco A. | ||
| 245 | _aEnrichment of organic compost with beneficial microorganisms and yield performance of corn and wheat | ||
| 500 | _aPublicação on-line; 28 ref.; 5 tables; Sumaries (En, Pt) | ||
| 520 | _a ABSTRACT: Enrichment with beneficial microorganisms may increase the benefits of organic compost. The aim of this study was to evaluate the enrichment of a mature compost with plant growth-promoting bacteria and arbuscular mycorrhizal fungus (Rhizophagus clarus), using brachiaria (Urochloa brizantha) as host plant, totaling seven treatments: control (compost with no bacteria, brachiaria or mycorrhizal fungus); compost + brachiaria; compost + brachiaria + mycorrhizal fungus; compost + brachiaria + mycorrhizal fungus + Azorhizobium sp.; compost + brachiaria + mycorrhizal fungus + Azoarcus sp.; compost + brachiaria + mycorrhizal fungus + Bacillus subtilis; and compost + brachiaria + mycorrhizal fungus + Azotobacter sp., in a completely randomized design with three replicates. Brachiaria shoot biomass, N and P concentrations, mycorrhizal colonization, and chemical characteristics of the compost were assessed five times over 183 days. B. subtilis and Azotobacter increased ammonium-N concentration in the compost in two and three sampling dates, respectively. In contrast, Azotobacter and Azoarcus decreased the concentrations of nitrate-N in at least one sampling. Despite high P availability in the compost (951-2927 mg kg-1), mycorrhizal colonization reached up to 53%. In a field trial with the produced composts, in a randomized block design with six repetitions, the composts with brachiaria doubled the mycorrhizal colonization of corn (Zea mays) and wheat (Triticum aestivum), independent of the growth-promoting bacteria and, depending on the associated bacteria, increased grain yields. Key words: composting, arbuscular mycorrhizal fungus, Rhizophagus clarus, Urochloa brizantha | ||
| 520 | _a RESUMO: O enriquecimento com microrganismos benéficos pode aumentar os benefícios do composto orgânico. Este estudo teve o objetivo de avaliar o enriquecimento de um composto maturado com quatro bactérias promotoras de crescimento de plantas e fungo micorrízico (Rhizophagus clarus) usando braquiária (Urochloa brizantha) como planta hospedeira, compreendendo sete tratamentos: controle (composto sem braquiária, bactérias ou fungo micorrízico); composto + braquiária; composto + braquiária + fungo micorrízico; composto + braquiária + fungo micorrízico + Azorhizobium sp.; composto + braquiária + fungo micorrízico + Azoarcus sp.; composto + braquiária + fungo micorrízico + Bacillus subtilis; e composto + braquiária + fungo micorrízico + Azotobacter sp., em delineamento inteiramente casualizado com três repetições. A biomassa aérea da braquiária, teores de P e N, colonização micorrízica e características químicas do composto foram monitoradas cinco vezes por 183 dias. Bacillus subtilis e Azotobacter aumentaram o teor de N-amônio no composto em duas e três avaliações, respectivamente, enquanto Azotobacter e Azoarcus diminuíram os teores de N-nitrato em pelo menos uma avaliação. Apesar da alta disponibilidade de P (951 a 2927 mg kg-1), a colonização micorrízica chegou a 53%. Em experimento de campo com os compostos produzidos, no delineamento em blocos ao acaso com seis repetições, os compostos com braquiária dobraram a colonização micorrízica do milho (Zea mays) e do trigo (Triticum eaestivum), independente da bactéria promotora de crescimento e, dependendo da bactéria associada, aumentou a produtividade de grãos. Palavras-chave: compostagem, fungo micorrízico arbuscular, Rhizophagus clarus, Urochloa brizantha | ||
| 650 | _aCOMPOSTAGEM | ||
| 650 | _aBRACHIARIA | ||
| 650 | _aMICORRIZA VESICULAR ARBUSCULAR | ||
| 650 | _aMILHO | ||
| 650 | _aTRIGO | ||
| 650 | _aPRODUTIVIDADE | ||
| 773 | 0 |
_03534 _9317809 _dCampina Grande-PB Universidade Federal de Campina Grande. Centro de Ciências e Tecnologia 1997 _o2024-4528 _tRevista Brasileira de Engenharia Agrícola e Ambiental (Brazil) _x1415-4366 _gv. 25 (5) p. 332-339; (2021) _wBR2025003660 |
|
| 856 | _uhttps://www.scielo.br/j/rbeaa/a/bPNvq76YdLNdNXq53W8qvGK/?format=pdf&lang=en | ||
| 942 | _cANA | ||
| 999 |
_c338230 _d338230 |
||